|
|
|
|
| LEADER |
01072nam a22002652a 4500 |
| 001 |
001260471 |
| 003 |
CZ BrMZK |
| 005 |
20121024113827.0 |
| 007 |
ta |
| 008 |
121024s1972 xr er|||||||||||cze d |
| 015 |
|
|
|a cnb000456550
|
| 035 |
|
|
|a (OCoLC)54227781
|
| 040 |
|
|
|a BOA001
|b cze
|
| 080 |
9 |
|
|a 92 Borecký, J.(083.81)+012 Borecký, J.
|
| 100 |
1 |
|
|a Vinařová, Milena,
|d 1939-1986
|7 jk01142415
|4 edt
|
| 245 |
1 |
0 |
|a Jaromír Borecký (1869-1951) :
|b literární pozůstalost /
|c zpracovala Milena Vinařová
|
| 260 |
|
|
|a Praha :
|b Literární archiv Památníku národního písemnictví,
|c 1972
|e (Liberec :
|f Ruch)
|
| 300 |
|
|
|a 59, [1] s. ;
|c 8°
|
| 490 |
1 |
|
|a Edice inventářů Literárního archívu Památníku národního písemnictví v Praze ;
|v čís. 252
|
| 500 |
|
|
|a 500 výt.
|
| 830 |
|
0 |
|a Edice inventářů Literárního archívu Památníku národního písemnictví v Praze
|0 s
|
| 910 |
|
|
|a BOA001
|b 2-0708.756
|
| 990 |
|
|
|a BK
|
| 991 |
|
|
|b 201210
|
| 996 |
7 |
|
|b 2619661407
|c 2-0708.756
|l Sklad H1
|r Sklad / do 24 hodin
|n 1
|h HS212
|w 001294369
|u 000010
|a 1
|e BOA001
|j MZK50
|s A
|